[Event "Lancaster Major 3rd"]
[Site "Lancaster"]
[Date "2025.08.15"]
[Round "1.3"]
[White "Doherty, Samuel"]
[Black "Howieson, Stuart A"]
[Result "1-0"]
[WhiteElo "1764"]
[BlackElo "1816"]
[PlyCount "55"]
[EventDate "2025.08.15"]
[EventType "swiss"]
[EventRounds "5"]
[EventCountry "ENG"]
[SourceTitle "BritBase"]
[Source "John Saunders"]
[SourceDate "2025.08.25"]
[SourceVersion "1"]
[SourceVersionDate "2025.08.20"]
[SourceQuality "1"]

1. e4 e6 2. b3 d5 3. Bb2 dxe4 4. Nc3 Nf6 5. Qe2 Be7 6. g4 h6 7. O-O-O O-O 8. h4 Nd5 9. Nxe4 f5 10. gxf5 exf5 11. Ng3 Bxh4 12. Qh5 Bf6 13. d4 Bg5+ 14. Kb1 Qe8 15. Qf3 c6 16. Nh3 Be7 17. c4 f4 18. Ne4 Nf6 19. Bd3 Bg4 20. Nxf6+ Rxf6 21. Qxg4 h5 22. Qf3 Qf8 23. Ng5 Rh6 24. Rxh5 g6 25. Ne6 gxh5 26. Nxf8 Kxf8 27. d5 Nd7 28. Qxf4+ 1-0

[Event "Lancaster Major 3rd"]
[Site "Lancaster"]
[Date "2025.08.15"]
[Round "1.4"]
[White "Graham, Oliver"]
[Black "Heath, George"]
[Result "0-1"]
[WhiteElo "1801"]
[BlackElo "1742"]
[PlyCount "64"]
[EventDate "2025.08.15"]
[EventType "swiss"]
[EventRounds "5"]
[EventCountry "ENG"]
[SourceTitle "BritBase"]
[Source "John Saunders"]
[SourceDate "2025.08.25"]
[SourceVersion "1"]
[SourceVersionDate "2025.08.20"]
[SourceQuality "1"]

1. e4 c6 2. d4 d5 3. Nd2 dxe4 4. Nxe4 Nf6 5. Nxf6+ exf6 6. Be2 Bd6 7. Nf3 O-O 8. O-O Re8 9. h3 Nd7 10. c3 Nf8 11. Bd3 Be6 12. Be3 Qd7 13. Re1 Ng6 14. Bf1 b5 15. a4 a6 16. axb5 axb5 17. Qc2 Bd5 18. Be2 Rxa1 19. Rxa1 Bf4 20. Qd2 Qc7 21. Ra3 h5 22. b4 Bxe3 23. fxe3 Qg3 24. Ra1 f5 25. Rf1 f4 26. e4 Bxe4 27. Bd3 Bxd3 28. Qxd3 Re3 29. Qf5 Re2 30. Qc8+ Kh7 31. Ne1 Rxe1 32. Qxc6 Qe3+ 0-1

[Event "Lancaster Major 3rd"]
[Site "Lancaster"]
[Date "2025.08.16"]
[Round "2.1"]
[White "Heath, George"]
[Black "Graham, Geoffrey"]
[Result "1-0"]
[WhiteElo "1742"]
[BlackElo "1853"]
[PlyCount "89"]
[EventDate "2025.08.15"]
[EventType "swiss"]
[EventRounds "5"]
[EventCountry "ENG"]
[SourceTitle "BritBase"]
[Source "John Saunders"]
[SourceDate "2025.08.25"]
[SourceVersion "1"]
[SourceVersionDate "2025.08.20"]
[SourceQuality "1"]

1. e4 Nc6 2. Nf3 e5 3. Bc4 Nf6 4. d3 Bc5 5. Bg5 h6 6. Bh4 d6 7. c3 a5 8. Nbd2 O-O 9. O-O g5 10. Nxg5 hxg5 11. Bxg5 Bg4 12. Bxf6 Bxd1 13. Bxd8 Be2 14. Rfe1 Bxd3 15. Bf6 Bxc4 16. Nxc4 Kh7 17. Ne3 Rg8 18. Nd5 Rg6 19. Bh4 Rag8 20. Nf6+ Rxf6 21. Bxf6 Nd8 22. Bxd8 Rxd8 23. Rad1 Rh8 24. a4 Kg7 25. Rd3 b6 26. g3 Kf6 27. Kg2 c6 28. f4 Rg8 29. Kf3 Ke6 30. f5+ Kf6 31. h4 Rh8 32. Rh1 b5 33. g4 bxa4 34. g5+ Kg7 35. Kg4 f6 36. g6 Rb8 37. h5 Kh6 38. Rd2 Rb3 39. Rhd1 a3 40. bxa3 Rxc3 41. Rxd6 Bf2 42. R1d3 Rc4 43. Kf3 Bh4 44. Rd7 Rc1 45. Kg4 1-0

[Event "Lancaster Major 3rd"]
[Site "Lancaster"]
[Date "2025.08.16"]
[Round "2.2"]
[White "Walters, Philip"]
[Black "Doherty, Samuel"]
[Result "0-1"]
[WhiteElo "1693"]
[BlackElo "1764"]
[PlyCount "114"]
[EventDate "2025.08.15"]
[EventType "swiss"]
[EventRounds "5"]
[EventCountry "ENG"]
[SourceTitle "BritBase"]
[Source "John Saunders"]
[SourceDate "2025.08.25"]
[SourceVersion "1"]
[SourceVersionDate "2025.08.20"]
[SourceQuality "1"]

1. e4 c6 2. Nf3 d5 3. exd5 cxd5 4. Ne5 Nc6 5. d4 Qb6 6. c3 Bf5 7. Qa4 a6 8. Nd2 e6 9. Ndf3 Bd6 10. Be2 Nge7 11. O-O O-O 12. Nd7 Qc7 13. Nxf8 Rxf8 14. Re1 f6 15. c4 dxc4 16. Bxc4 b5 17. Bxe6+ Bxe6 18. Qd1 Bg4 19. Be3 Bxh2+ 20. Kh1 Nd5 21. Qb3 Bxf3 22. gxf3 Ncb4 23. Rac1 Qd6 24. a3 Nc6 25. Rc5 Nce7 26. f4 g5 27. Kxh2 gxf4 28. Rg1+ Kh8 29. Bd2 Ne3 30. Kh1 f5 31. Bxe3 Qh6+ 32. Kg2 Rg8+ 33. Kf1 Qh3+ 34. Ke2 Rxg1 35. Qf7 Qf1+ 36. Kd2 fxe3+ 37. fxe3 Rg2+ 38. Kc3 Qc1+ 39. Kb4 Qd2+ 40. Rc3 Qxb2+ 41. Rb3 Qd2+ 42. Kc5 Qc2+ 43. Kd6 Qc6+ 44. Kxe7 Rg7 45. Qxg7+ Kxg7 46. Rb4 a5 47. Rb2 Qe4+ 48. Kd6 Qxe3 49. Rxb5 Qxd4+ 50. Rd5 Qb6+ 51. Ke5 Qb2+ 52. Kxf5 Qf6+ 53. Ke4 Qe7+ 54. Kf5 Qxa3 55. Rd7+ Kh6 56. Rd2 Qf3+ 57. Ke5 Qe3+ 0-1

[Event "Lancaster Major 3rd"]
[Site "Lancaster"]
[Date "2025.08.16"]
[Round "2.3"]
[White "Taylor, Mark"]
[Black "Dean, Robert A"]
[Result "1-0"]
[WhiteElo "1891"]
[BlackElo "1791"]
[PlyCount "83"]
[EventDate "2025.08.15"]
[EventType "swiss"]
[EventRounds "5"]
[EventCountry "ENG"]
[SourceTitle "BritBase"]
[Source "John Saunders"]
[SourceDate "2025.08.25"]
[SourceVersion "1"]
[SourceVersionDate "2025.08.20"]
[SourceQuality "1"]

1. e4 e6 2. d4 d5 3. Nc3 Bb4 4. e5 c5 5. Bd2 Ne7 6. Nb5 Bxd2+ 7. Qxd2 O-O 8. dxc5 Nbc6 9. f4 Nf5 10. Nf3 Bd7 11. Nd6 Nxd6 12. cxd6 Qb6 13. c3 f6 14. Bd3 Rac8 15. Rf1 Na5 16. b3 a6 17. Ke2 Bb5 18. Rac1 Bxd3+ 19. Qxd3 Nc6 20. Kd2 Qa5 21. Rc2 Rf7 22. f5 fxe5 23. fxe6 Rf6 24. Ng5 e4 25. Qh3 h6 26. Rxf6 gxf6 27. Nf7 Nd4 28. Qxh6 Nxe6 29. Qh8+ Kxf7 30. Qxc8 e3+ 31. Ke2 Qb5+ 32. Ke1 Nc5 33. Qf5 Nd3+ 34. Kd1 Nf2+ 35. Rxf2 exf2 36. Qxf2 Qd3+ 37. Qd2 Qb1+ 38. Ke2 Qe4+ 39. Kf1 Qb1+ 40. Qe1 Qf5+ 41. Kg1 Qd3 42. d7 1-0

[Event "Lancaster Major 3rd"]
[Site "Lancaster"]
[Date "2025.08.16"]
[Round "2.4"]
[White "Ellames, George J"]
[Black "Burgess, Jasmine"]
[Result "1-0"]
[WhiteElo "1874"]
[BlackElo "1758"]
[PlyCount "51"]
[EventDate "2025.08.15"]
[EventType "swiss"]
[EventRounds "5"]
[EventCountry "ENG"]
[SourceTitle "BritBase"]
[Source "John Saunders"]
[SourceDate "2025.08.25"]
[SourceVersion "1"]
[SourceVersionDate "2025.08.20"]
[SourceQuality "1"]

1. e4 e6 2. d3 c5 3. Qe2 Nc6 4. Nf3 Nge7 5. g3 g6 6. Bg2 Bg7 7. c3 d5 8. O-O O-O 9. Na3 Qa5 10. Nc2 b6 11. e5 Ba6 12. Re1 Rfd8 13. c4 d4 14. Bd2 Nb4 15. a3 Qa4 16. axb4 Qxc2 17. Rxa6 Rac8 18. Bg5 Qxe2 19. Rxe2 Rd7 20. b5 h5 21. Bxe7 Rxe7 22. Ng5 Rd8 23. f4 Bh6 24. Ne4 h4 25. Re1 Rdd7 26. Nf6+ 1-0

[Event "Lancaster Major 3rd"]
[Site "Lancaster"]
[Date "2025.08.16"]
[Round "2.5"]
[White "Howieson, Stuart A"]
[Black "Tomlinson, Zak"]
[Result "0-1"]
[WhiteElo "1816"]
[BlackElo "1784"]
[PlyCount "70"]
[EventDate "2025.08.15"]
[EventType "swiss"]
[EventRounds "5"]
[EventCountry "ENG"]
[SourceTitle "BritBase"]
[Source "John Saunders"]
[SourceDate "2025.08.25"]
[SourceVersion "1"]
[SourceVersionDate "2025.08.20"]
[SourceQuality "1"]

1. d4 Nf6 2. Bf4 g6 3. e3 Bg7 4. Nf3 d6 5. Bd3 b6 6. Nbd2 Bb7 7. Qe2 Nbd7 8. Ba6 Bxa6 9. Qxa6 Nh5 10. Bg3 e5 11. O-O Nxg3 12. hxg3 O-O 13. c3 Re8 14. a4 e4 15. Ne1 h5 16. Nc2 h4 17. g4 Qg5 18. f3 exf3 19. gxf3 f5 20. Qc4+ Kh7 21. Qxc7 fxg4 22. Ne4 Rxe4 23. fxe4 Nf6 24. Rxf6 Qxf6 25. Rf1 Qe6 26. Rf7 Rg8 27. Re7 Qb3 28. Ne1 Qd1 29. Kf1 h3 30. Kf2 h2 31. Kg2 Qxe1 32. Kxh2 Qf2+ 33. Kh1 g3 34. Rxg7+ Rxg7 35. Qxd6 Qh2# 0-1

[Event "Lancaster Major 3rd"]
[Site "Lancaster"]
[Date "2025.08.16"]
[Round "2.6"]
[White "Shaw, Kevin F"]
[Black "Graham, Oliver"]
[Result "0-1"]
[WhiteElo "1773"]
[BlackElo "1801"]
[PlyCount "122"]
[EventDate "2025.08.15"]
[EventType "swiss"]
[EventRounds "5"]
[EventCountry "ENG"]
[SourceTitle "BritBase"]
[Source "John Saunders"]
[SourceDate "2025.08.25"]
[SourceVersion "1"]
[SourceVersionDate "2025.08.20"]
[SourceQuality "1"]

1. e4 e5 2. Nf3 Nc6 3. d4 exd4 4. Bc4 Be7 5. Nxd4 d6 6. Nc3 Nf6 7. h3 O-O 8. O-O Ne5 9. Be2 Bd7 10. Bf4 Ng6 11. Bg3 a6 12. Re1 Re8 13. Nf3 Nh5 14. Bh2 Nhf4 15. Nd5 Nxe2+ 16. Qxe2 Bc6 17. Qd2 Bf6 18. c3 Be5 19. Bxe5 Nxe5 20. Nxe5 Rxe5 21. f3 Qd7 22. Ne3 Rae8 23. Rad1 R5e6 24. Ng4 Rg6 25. e5 h5 26. Nh2 Qxh3 27. exd6 Rxe1+ 28. Rxe1 cxd6 29. Re2 Bxf3 30. Nxf3 Qxf3 31. Rf2 Qg4 32. Qd5 Re6 33. Qxb7 Re1+ 34. Rf1 Rxf1+ 35. Kxf1 Qc4+ 36. Kg1 Qxa2 37. Kh2 a5 38. b3 Qd2 39. Qa8+ Kh7 40. Qxa5 Qf4+ 41. Kg1 g5 42. Qb4 Qe3+ 43. Kh1 Qe5 44. Qc4 Kg6 45. b4 g4 46. Kg1 Qe3+ 47. Kh2 Qe5+ 48. Kg1 g3 49. Qd3+ f5 50. Qd2 d5 51. Kf1 Qe4 52. Qb2 Qf4+ 53. Ke1 Qe3+ 54. Kf1 Qd3+ 55. Ke1 Qb5 56. Qd2 h4 57. Qf4 Qd3 58. Qd6+ Kh5 59. Qe5 Qb1+ 60. Ke2 Qa2+ 61. Kf3 Qf2# 0-1

[Event "Lancaster Major 3rd"]
[Site "Lancaster"]
[Date "2025.08.16"]
[Round "3.1"]
[White "Doherty, Samuel"]
[Black "Heath, George"]
[Result "0-1"]
[WhiteElo "1764"]
[BlackElo "1742"]
[PlyCount "114"]
[EventDate "2025.08.15"]
[EventType "swiss"]
[EventRounds "5"]
[EventCountry "ENG"]
[SourceTitle "BritBase"]
[Source "John Saunders"]
[SourceDate "2025.08.25"]
[SourceVersion "1"]
[SourceVersionDate "2025.08.20"]
[SourceQuality "1"]

1. e4 c6 2. d4 d5 3. exd5 cxd5 4. Bd3 Nf6 5. h3 Nc6 6. c3 e5 7. dxe5 Nxe5 8. Bc2 Bd6 9. Bg5 Be6 10. Ne2 h6 11. Bf4 O-O 12. Nd2 Rc8 13. O-O Qd7 14. Bxe5 Bxe5 15. f4 Bb8 16. f5 Qd6 17. Nf3 Bd7 18. Qd2 Rfd8 19. Kh1 Bb5 20. Rf2 Bxe2 21. Rxe2 Nh5 22. Re3 Ng3+ 23. Kg1 Qb6 24. Qf2 Bf4 25. Re7 Qxb2 26. Rb1 Qxc3 27. Ne1 Bd6 28. Re3 Qxe3 29. Qxe3 Bc5 30. Qxc5 Rxc5 31. Rxb7 Re8 32. Kf2 Rxe1 33. Bb3 Re5 34. Kxg3 Rxf5 35. Rxa7 g5 36. Ra4 Kg7 37. Kg4 Rf6 38. Rd4 Rd6 39. Kf5 f6 40. h4 Ra5 41. h5 Rc5 42. a4 Kf7 43. g3 Ra5 44. Rb4 Rd7 45. Rb6 Kg7 46. Ke6 Raa7 47. Kf5 d4 48. Rxf6 Ra5+ 49. Ke6 Ra6+ 50. Kxd7 Rxf6 51. Bc4 Rf3 52. a5 Rc3 53. Be2 d3 54. Bd1 Ra3 55. Kc6 Rxa5 56. g4 d2 57. Kd6 Ra1 0-1

[Event "Lancaster Major 3rd"]
[Site "Lancaster"]
[Date "2025.08.16"]
[Round "3.2"]
[White "Tomlinson, Zak"]
[Black "Ellames, George J"]
[Result "1-0"]
[WhiteElo "1784"]
[BlackElo "1874"]
[PlyCount "91"]
[EventDate "2025.08.15"]
[EventType "swiss"]
[EventRounds "5"]
[EventCountry "ENG"]
[SourceTitle "BritBase"]
[Source "John Saunders"]
[SourceDate "2025.08.25"]
[SourceVersion "1"]
[SourceVersionDate "2025.08.20"]
[SourceQuality "1"]

1. e4 d6 2. d4 Nf6 3. Nc3 Nbd7 4. Nf3 e5 5. dxe5 dxe5 6. Bg5 c6 7. Bc4 Qc7 8. a3 Be7 9. O-O O-O 10. Qe2 Nc5 11. b4 Ne6 12. Bxe6 Bxe6 13. Rfd1 Rfd8 14. h3 h6 15. Bh4 Rxd1+ 16. Rxd1 Rd8 17. Rxd8+ Bxd8 18. Qd3 Be7 19. Nd1 Qd6 20. Ne3 Qxd3 21. cxd3 Bd6 22. Bg3 Nd7 23. Nc4 Bxc4 24. dxc4 f6 25. Nd2 b6 26. f3 a5 27. bxa5 bxa5 28. a4 Bb4 29. Nb3 Nb6 30. Kf1 Nxa4 31. Be1 Nc3 32. Bxc3 Bxc3 33. Ke2 a4 34. Kd3 Bb4 35. Nc1 Kf7 36. Kc2 Ke6 37. Na2 c5 38. Nc3 Bxc3 39. Kxc3 f5 40. Kb2 f4 41. Ka3 Kd6 42. Kxa4 Kc6 43. Ka5 g6 44. Ka6 g5 45. Ka5 h5 46. Ka6 1-0

[Event "Lancaster Major 3rd"]
[Site "Lancaster"]
[Date "2025.08.16"]
[Round "3.3"]
[White "Graham, Geoffrey"]
[Black "Taylor, Mark"]
[Result "1-0"]
[WhiteElo "1853"]
[BlackElo "1891"]
[PlyCount "69"]
[EventDate "2025.08.15"]
[EventType "swiss"]
[EventRounds "5"]
[EventCountry "ENG"]
[SourceTitle "BritBase"]
[Source "John Saunders"]
[SourceDate "2025.08.25"]
[SourceVersion "1"]
[SourceVersionDate "2025.08.20"]
[SourceQuality "1"]

1. c4 c5 2. g3 g6 3. Bg2 Bg7 4. Nc3 Nc6 5. e4 e6 6. d3 Nge7 7. Nge2 O-O 8. a3 a6 9. Rb1 d6 10. O-O Rb8 11. b4 Nd4 12. Be3 f5 13. f4 Qe8 14. b5 a5 15. Bd2 b6 16. Kh1 Bb7 17. Nxd4 cxd4 18. Na4 Qd8 19. Re1 e5 20. Qb3 Kh8 21. fxe5 Bxe5 22. Bh6 Re8 23. c5 bxc5 24. Bg5 Qc7 25. b6 Qd7 26. Qf7 Bc6 27. Nb2 Nc8 28. Qxd7 Bxd7 29. Nc4 Kg7 30. b7 Na7 31. Nxa5 h6 32. Bd2 Re7 33. Rb6 Bb5 34. Bf1 g5 35. exf5 {Time!} 1-0

[Event "Lancaster Major 3rd"]
[Site "Lancaster"]
[Date "2025.08.16"]
[Round "3.4"]
[White "Graham, Oliver"]
[Black "Walters, Philip"]
[Result "1-0"]
[WhiteElo "1801"]
[BlackElo "1693"]
[PlyCount "117"]
[EventDate "2025.08.15"]
[EventType "swiss"]
[EventRounds "5"]
[EventCountry "ENG"]
[SourceTitle "BritBase"]
[Source "John Saunders"]
[SourceDate "2025.08.25"]
[SourceVersion "1"]
[SourceVersionDate "2025.08.20"]
[SourceQuality "1"]

1. e4 c5 2. Nc3 e6 3. Nf3 d6 4. d4 cxd4 5. Nxd4 Nf6 6. Be2 Be7 7. O-O O-O 8. Be3 Nc6 9. a3 a6 10. Qd2 Qc7 11. f4 e5 12. Nxc6 Qxc6 13. fxe5 dxe5 14. Nd5 Re8 15. Nxe7+ Rxe7 16. Bg5 Rd7 17. Qe3 Qxe4 18. Qg3 Ne8 19. Bd3 Rxd3 20. cxd3 Qd4+ 21. Be3 Qxd3 22. Qxe5 Be6 23. Rad1 Qg6 24. Qd4 h6 25. Qb6 Qe4 26. Rf4 Qc6 27. Qxc6 bxc6 28. Rfd4 Bd5 29. Rb4 a5 30. Rb6 Nf6 31. Bf4 Ra7 32. Rb8+ Kh7 33. Bd2 Nd7 34. Rd8 a4 35. Bc3 Rb7 36. Re1 Nc5 37. Re3 Ne6 38. Ra8 Bb3 39. Rd3 Nc5 40. Rd6 Bd5 41. Rdd8 Ne4 42. Rdb8 Rxb8 43. Rxb8 Nxc3 44. bxc3 Kg6 45. Ra8 Bb3 46. Kf2 Kf5 47. Ke3 Ke6 48. Kd4 Kd6 49. Rd8+ Kc7 50. Rg8 g6 51. Kc5 Kd7 52. c4 Bc2 53. Ra8 Kc7 54. Ra7+ Kb8 55. Rxf7 Be4 56. Kb6 Kc8 57. g3 Bd3 58. Kxc6 Kd8 59. Rd7+ 1-0

[Event "Lancaster Major 3rd"]
[Site "Lancaster"]
[Date "2025.08.16"]
[Round "3.5"]
[White "Dean, Robert A"]
[Black "Burgess, Jasmine"]
[Result "1-0"]
[WhiteElo "1791"]
[BlackElo "1758"]
[PlyCount "53"]
[EventDate "2025.08.15"]
[EventType "swiss"]
[EventRounds "5"]
[EventCountry "ENG"]
[SourceTitle "BritBase"]
[Source "John Saunders"]
[SourceDate "2025.08.25"]
[SourceVersion "1"]
[SourceVersionDate "2025.08.20"]
[SourceQuality "1"]

1. e4 e6 2. d4 d5 3. Nd2 Nf6 4. e5 Nfd7 5. Bd3 c5 6. c3 Nc6 7. Ne2 Qb6 8. Nf3 Be7 9. O-O O-O 10. Re1 cxd4 11. cxd4 Bb4 12. Bd2 f6 13. exf6 Nxf6 14. Rc1 Bd6 15. Bc3 Ng4 16. h3 e5 17. hxg4 e4 18. Ng5 Qd8 19. Nxe4 dxe4 20. Bxe4 Bxg4 21. Qb3+ Kh8 22. Qxb7 Qf6 23. f3 Rac8 24. Bxc6 Rxc6 25. d5 Bc5+ 26. Kf1 Qh4 27. Qxg7# 1-0

[Event "Lancaster Major 3rd"]
[Site "Lancaster"]
[Date "2025.08.16"]
[Round "3.6"]
[White "Shaw, Kevin F"]
[Black "Howieson, Stuart A"]
[Result "1-0"]
[WhiteElo "1773"]
[BlackElo "1816"]
[PlyCount "63"]
[EventDate "2025.08.15"]
[EventType "swiss"]
[EventRounds "5"]
[EventCountry "ENG"]
[SourceTitle "BritBase"]
[Source "John Saunders"]
[SourceDate "2025.08.25"]
[SourceVersion "1"]
[SourceVersionDate "2025.08.20"]
[SourceQuality "1"]

1. e4 e6 2. d4 d5 3. Nc3 Bb4 4. e5 c5 5. a3 Bxc3+ 6. bxc3 Qc7 7. Nf3 Nc6 8. Bd3 c4 9. Be2 Qa5 10. Bd2 Qa4 11. O-O Nge7 12. Nh4 Ng6 13. Nxg6 hxg6 14. Bg5 O-O 15. Qd2 Bd7 16. h4 Rae8 17. h5 gxh5 18. Bxh5 Ne7 19. Ra2 Kh7 20. Qe3 Nf5 21. Qh3 Nh6 22. g3 Qa5 23. Bd2 Kg8 24. Kg2 Nf5 25. Rh1 Qd8 26. Bg4 f6 27. Bh5 fxe5 28. Bg6 Nh6 29. Bxh6 gxh6 30. Qxh6 Rxf2+ 31. Kxf2 Rf8+ 32. Kg2 1-0

[Event "Lancaster Major 3rd"]
[Site "Lancaster"]
[Date "2025.08.17"]
[Round "4.1"]
[White "Heath, George"]
[Black "Tomlinson, Zak"]
[Result "1-0"]
[WhiteElo "1742"]
[BlackElo "1784"]
[PlyCount "79"]
[EventDate "2025.08.15"]
[EventType "swiss"]
[EventRounds "5"]
[EventCountry "ENG"]
[SourceTitle "BritBase"]
[Source "John Saunders"]
[SourceDate "2025.08.25"]
[SourceVersion "1"]
[SourceVersionDate "2025.08.20"]
[SourceQuality "1"]

1. e4 e5 2. Nf3 Nc6 3. Bc4 Nf6 4. d3 Bc5 5. Bg5 h6 6. Bh4 d6 7. c3 Bg4 8. Qb3 Na5 9. Bxf7+ Ke7 10. Qa4 Kxf7 11. Qxa5 Bxf3 12. gxf3 Qd7 13. Bxf6 gxf6 14. d4 b6 15. Qa6 exd4 16. Qc4+ Qe6 17. Qxe6+ Kxe6 18. b4 Bxb4 19. cxb4 c5 20. Na3 Rac8 21. b5 c4 22. Rc1 Rc5 23. Rxc4 Rxc4 24. Nxc4 Rc8 25. Nb2 Rc2 26. Nd3 Rxa2 27. O-O Ra3 28. Nf4+ Ke5 29. Ng6+ Ke6 30. Kg2 Rb3 31. Ra1 Rxb5 32. Nf4+ Ke5 33. Nd3+ Ke6 34. Rxa7 Rg5+ 35. Kf1 f5 36. h4 Rg8 37. Nf4+ Ke5 38. Nd5 fxe4 39. fxe4 Re8 40. f4+ 1-0

[Event "Lancaster Major 3rd"]
[Site "Lancaster"]
[Date "2025.08.17"]
[Round "4.2"]
[White "Graham, Oliver"]
[Black "Graham, Geoffrey"]
[Result "1-0"]
[WhiteElo "1801"]
[BlackElo "1853"]
[PlyCount "85"]
[EventDate "2025.08.15"]
[EventType "swiss"]
[EventRounds "5"]
[EventCountry "ENG"]
[SourceTitle "BritBase"]
[Source "John Saunders"]
[SourceDate "2025.08.25"]
[SourceVersion "1"]
[SourceVersionDate "2025.08.20"]
[SourceQuality "1"]

1. e4 Nc6 2. d4 e5 3. d5 Nce7 4. c4 Ng6 5. Bd3 Bc5 6. Ne2 Nf6 7. O-O d6 8. Nbc3 a5 9. Ng3 Ng4 10. h3 Qh4 11. Qf3 Nxf2 12. Rxf2 Bxf2+ 13. Qxf2 O-O 14. Be3 Bd7 15. Nf5 Qxf2+ 16. Kxf2 b6 17. g4 f6 18. Rh1 Rf7 19. Kg3 Ne7 20. Nxe7+ Rxe7 21. Bc2 Kf7 22. Ba4 Bxa4 23. Nxa4 g6 24. Nc3 Kg7 25. Nb5 Rf8 26. Rf1 h6 27. Na7 Ref7 28. Nc6 Rh8 29. Rf2 Kf8 30. Nd8 Ke7 31. Nxf7 Kxf7 32. h4 Kg7 33. b3 g5 34. hxg5 hxg5 35. Rh2 Ra8 36. Kf2 Kg6 37. Ke2 Kg7 38. Kd3 a4 39. b4 Rb8 40. Kc3 Rc8 41. Kb2 b5 42. cxb5 Rb8 43. Ka3 1-0

[Event "Lancaster Major 3rd"]
[Site "Lancaster"]
[Date "2025.08.17"]
[Round "4.3"]
[White "Taylor, Mark"]
[Black "Doherty, Samuel"]
[Result "1-0"]
[WhiteElo "1891"]
[BlackElo "1764"]
[PlyCount "69"]
[EventDate "2025.08.15"]
[EventType "swiss"]
[EventRounds "5"]
[EventCountry "ENG"]
[SourceTitle "BritBase"]
[Source "John Saunders"]
[SourceDate "2025.08.25"]
[SourceVersion "1"]
[SourceVersionDate "2025.08.20"]
[SourceQuality "1"]

1. e4 c6 2. d4 d5 3. Nc3 a6 4. Bf4 Nf6 5. f3 e6 6. a3 Be7 7. Nh3 Nh5 8. Be3 e5 9. exd5 Bxh3 10. gxh3 Bh4+ 11. Ke2 Nf4+ 12. Kd2 Nxd5 13. Nxd5 Qxd5 14. c4 Qd6 15. Kc3 Bf6 16. Qe1 c5 17. d5 e4+ 18. Kc2 Qe5 19. Rb1 Nd7 20. fxe4 Qxe4+ 21. Bd3 Qg2+ 22. Bf2+ Ne5 23. Be4 Qxh3 24. Bxc5 Qc8 25. Qb4 b5 26. b3 Nd7 27. Bf5 Nxc5 28. Bxc8 Rxc8 29. Rhe1+ Kf8 30. Re2 g6 31. Rf1 Kg7 32. Rxf6 Kxf6 33. Qc3+ Kg5 34. Qe3+ Kh5 35. Rg2 1-0

[Event "Lancaster Major 3rd"]
[Site "Lancaster"]
[Date "2025.08.17"]
[Round "4.4"]
[White "Ellames, George J"]
[Black "Dean, Robert A"]
[Result "1/2-1/2"]
[WhiteElo "1874"]
[BlackElo "1791"]
[PlyCount "69"]
[EventDate "2025.08.15"]
[EventType "swiss"]
[EventRounds "5"]
[EventCountry "ENG"]
[SourceTitle "BritBase"]
[Source "John Saunders"]
[SourceDate "2025.08.25"]
[SourceVersion "1"]
[SourceVersionDate "2025.08.20"]
[SourceQuality "1"]

1. e4 e6 2. d3 d5 3. Qe2 dxe4 4. dxe4 Nf6 5. Nf3 Be7 6. g3 O-O 7. Bg2 c5 8. O-O Nc6 9. c3 Qc7 10. Na3 a6 11. Rd1 b5 12. e5 Nd7 13. Bf4 Rd8 14. Rd2 Bb7 15. Rad1 Nf8 16. h4 Rxd2 17. Rxd2 Rd8 18. Nb1 Na5 19. Rxd8 Qxd8 20. Nbd2 Ng6 21. Qe3 c4 22. Bg5 h6 23. Bxe7 Nxe7 24. Qd4 Qxd4 25. Nxd4 Bxg2 26. Kxg2 Nac6 27. Nxc6 Nxc6 28. f4 Ne7 29. Kf3 Nd5 30. a4 Kf8 31. Ke4 Nb6 32. axb5 axb5 33. b4 cxb3 34. Nxb3 b4 35. cxb4 1/2-1/2

[Event "Lancaster Major 3rd"]
[Site "Lancaster"]
[Date "2025.08.17"]
[Round "4.5"]
[White "Burgess, Jasmine"]
[Black "Shaw, Kevin F"]
[Result "0-1"]
[WhiteElo "1758"]
[BlackElo "1773"]
[PlyCount "86"]
[EventDate "2025.08.15"]
[EventType "swiss"]
[EventRounds "5"]
[EventCountry "ENG"]
[SourceTitle "BritBase"]
[Source "John Saunders"]
[SourceDate "2025.08.25"]
[SourceVersion "1"]
[SourceVersionDate "2025.08.20"]
[SourceQuality "1"]

1. e4 e6 2. d4 d5 3. Nc3 dxe4 4. Nxe4 Bd7 5. Nf3 Bc6 6. Bd3 Nd7 7. O-O Bxe4 8. Bxe4 c6 9. c4 Ngf6 10. Bc2 Be7 11. b3 O-O 12. Bb2 Qc7 13. Qd3 Rfe8 14. Rfe1 Rad8 15. Qc3 Nf8 16. Ne5 Ng6 17. Rad1 Bd6 18. Bxg6 hxg6 19. f4 c5 20. dxc5 Bxc5+ 21. Kh1 Ne4 22. Rxd8 Nf2+ 23. Kg1 Rxd8 24. Kf1 Nd1 25. Qc1 Nxb2 26. Qxb2 Bb4 27. Rc1 Qc5 28. Qe2 Rd2 29. Nd3 Qd4 30. Nxb4 Rxe2 31. Kxe2 Qb2+ 32. Rc2 Qd4 33. g3 g5 34. Nd3 gxf4 35. Nxf4 g5 36. Nd3 f5 37. c5 Kf7 38. Rc4 Qd5 39. Rc2 e5 40. b4 e4 41. Nb2 Qxa2 42. Rd2 Ke7 43. Ke3 Qb3+ 0-1

[Event "Lancaster Major 3rd"]
[Site "Lancaster"]
[Date "2025.08.17"]
[Round "5.1"]
[White "Taylor, Mark"]
[Black "Heath, George"]
[Result "1/2-1/2"]
[WhiteElo "1891"]
[BlackElo "1742"]
[PlyCount "72"]
[EventDate "2025.08.15"]
[EventType "swiss"]
[EventRounds "5"]
[EventCountry "ENG"]
[SourceTitle "BritBase"]
[Source "John Saunders"]
[SourceDate "2025.08.25"]
[SourceVersion "1"]
[SourceVersionDate "2025.08.20"]
[SourceQuality "1"]

1. e4 c6 2. d4 d5 3. Nc3 dxe4 4. Nxe4 Nf6 5. Ng3 h5 6. h4 Bg4 7. f3 Qc7 8. N1e2 Bc8 9. Bf4 Qb6 10. b3 Nd5 11. Bd2 e5 12. c4 Nb4 13. Qb1 exd4 14. Qe4+ Be6 15. a3 N4a6 16. Nxd4 Nc7 17. Be3 c5 18. Nxe6 Qxe6 19. O-O-O Nc6 20. Bd3 g6 21. Rhe1 O-O-O 22. Bg5 Re8 23. Qf4 Bd6 24. Qd2 Qd7 25. Ne4 Be5 26. f4 Bd4 27. Bc2 Qg4 28. Nd6+ Kb8 29. Nxe8 Nxe8 30. Be4 f6 31. Bxc6 bxc6 32. Qa5 fxg5 33. Rxd4 cxd4 34. Qe5+ Kb7 35. Qxh8 Qxf4+ 36. Kb1 Nc7 1/2-1/2

[Event "Lancaster Major 3rd"]
[Site "Lancaster"]
[Date "2025.08.17"]
[Round "5.2"]
[White "Tomlinson, Zak"]
[Black "Graham, Oliver"]
[Result "1-0"]
[WhiteElo "1784"]
[BlackElo "1801"]
[PlyCount "103"]
[EventDate "2025.08.15"]
[EventType "swiss"]
[EventRounds "5"]
[EventCountry "ENG"]
[SourceTitle "BritBase"]
[Source "John Saunders"]
[SourceDate "2025.08.25"]
[SourceVersion "1"]
[SourceVersionDate "2025.08.20"]
[SourceQuality "1"]

1. e4 e5 2. Nf3 Nc6 3. d4 exd4 4. Bc4 Be7 5. Nxd4 d6 6. Nxc6 bxc6 7. Qh5 g6 8. Qf3 Be6 9. Bxe6 fxe6 10. Qc3 Bf6 11. Qxc6+ Kf7 12. Nc3 Ne7 13. Qc4 Qd7 14. Be3 a6 15. O-O h5 16. f4 Bxc3 17. Qxc3 Qc6 18. Bd4 Qxc3 19. Bxc3 Rhg8 20. Rad1 Rab8 21. b3 Rb5 22. Bb2 Ke8 23. c4 Rb8 24. Rd3 Kd7 25. Ba3 Rb6 26. c5 Rc6 27. cxd6 cxd6 28. Rfd1 Nc8 29. Bxd6 Nxd6 30. e5 Rgc8 31. Rxd6+ Ke8 32. Rxc6 Rxc6 33. Rd2 Ke7 34. Kf2 Rc3 35. Rb2 a5 36. Ke2 Rc1 37. Kd3 h4 38. Rc2 Rd1+ 39. Ke3 Ra1 40. Kf3 Rh1 41. h3 Rf1+ 42. Rf2 Rd1 43. Kg4 Rd4 44. Kxh4 a4 45. bxa4 Rxa4 46. Kg5 Kf7 47. g4 Ra3 48. h4 Ra7 49. Rb2 Kg7 50. a4 Rxa4 51. Rb7+ Kf8 52. Rh7 1-0